Železnice štartovali bez dlhov
Financovanie výstavby a modernizácie telekomunikácií. Problémy vo finančnej situácii Železníc SR. Aktualizový dlhodobý program rozvoja železničných ciest do roku 2010. Prechod Slovenskej pošty, š.p., na novú infraštruktúru. Stratovosť vodnej dopravy. Výkony leteckej dopravy. Regulované ceny pre prep...
Gespeichert in:
| 1. Verfasser: | |
|---|---|
| Format: | Buchkapitel |
| Sprache: | Slowakisch |
| Schlagworte: | |
| Tags: |
Keine Tags, Fügen Sie das erste Tag hinzu!
|
MARC
| LEADER | 00000naa a2200000 4500 | ||
|---|---|---|---|
| 001 | r028084 | ||
| 005 | 20230824093342.8 | ||
| 041 | 0 | |a slo | |
| 044 | |a SK | ||
| 245 | 1 | 0 | |a Železnice štartovali bez dlhov |c J. Jasovský |
| 520 | |a Financovanie výstavby a modernizácie telekomunikácií. Problémy vo finančnej situácii Železníc SR. Aktualizový dlhodobý program rozvoja železničných ciest do roku 2010. Prechod Slovenskej pošty, š.p., na novú infraštruktúru. Stratovosť vodnej dopravy. Výkony leteckej dopravy. Regulované ceny pre prepravu cestujúcich autobusovou dopravou. Nároky dlhodobej koncepcie rozvoja a modernizácieinfraštruktúry na rozpočet. | ||
| 610 | 2 | 0 | |a infraštruktúra |
| 610 | 2 | 0 | |a telekomunikácie |
| 610 | 2 | 0 | |a ŽSR, š.p. Bratislava |
| 610 | 2 | 0 | |a Slovenská pošta, š.p. Bratislava |
| 610 | 2 | 0 | |a ceny |
| 610 | 2 | 0 | |a modernizácia |
| 610 | 2 | 0 | |a financovanie investícií |
| 610 | 2 | 0 | |a úver |
| 100 | 1 | |a Jasovský, Ján | |